00800nam a2200229 i 450000100060000000300090000600500170001500700030003200800410003510000260007624501030010226000370020530000200024250501510026270000220041374000310043574000160046674000260048274000160050874000230052485200230054735686ES-MaACL20230906155203.0t|030213s1917 sp ||||1| spa d1 aBougaud, Luis Emilio.13aEl cristianismo y los tiempos presentes / cMonseñor Bougaud ; traducción por Emilio Villelga. aBarcelona : bJuan Gili, c1917. a5 v. ; c24 cm.8 aContiene: T. I: Religión e irreligión. -- T. II: Jesucristo. -- T. III: Los dogmas del Credo. -- T. IV: La Iglesia. -- T. V: La vida cristiana1 aVillelga, Emilio.0 aReligión e irreligión.0 aJesucristo.4 aLos dogmas del Credo.3 aLa Iglesia.3 aLa vida cristiana. aES-MaACLjF-174-78